00805 a2200205 4500001000700000003000400007005001700011008004100028082001900069100001900088245007200107260003200179300001000211690011000221700001500331942001200346999001500358952011300373952011300486131902OSt20211028115753.0  a658.3124bB85T1 aBuckley, Roger1 aThe theory and practice of trainingcby Roger Buckley and Jim Caple aNew DelhibKogan Pagec2010 a353p. aEmployees--Training of; Organizational change--Management; Performance--Evaluation; Occupational training aCaple, Jim 2ddccBK c6298d6298 00102ddc40708TXBaCURAJbCURAJd2012-06-08eMGMg395.00o658.3124 B85Tp9282r2024-11-21w2020-09-02yBK 00102ddc40708TXBaCURAJbCURAJd2012-06-08eMGMg395.00o658.3124 B85Tp8683r2024-11-21w2020-09-02yBK